Normal view MARC view
  • Cuéllar, Olga,

Entry Nombre Personal

Number of records used in: 6

001 - NUMERO DE CONTROL

  • campo de control: 41092

003 - IDENTIFICADOR DE NUMERO DE CONTROL

  • campo de control: UPN

005 - FECHA Y HORA DE LA ÜLTIMA TRANSACCIÓN

  • campo de control: 20240308154951.0

008 - DATOS DE LONGITUD FIJA

  • campo de control de longitud fija: 240308n||acannaabn n aaa |d

035 ## - NUMERO DE CONTROL

  • Número de control: UPN11000013199

040 ## - FUENTE DE CATALOGACIÓN

  • Lenguaje de catalogación: SPA
  • Agencia de transcripción: UPN
  • Agencia original de catalogación: MX-MxUPN

100 1# - ENCABEZAMIENTO - NOMBRE PERSONAL

  • Nombre personal: Cuéllar, Olga,
  • Fechas asociadas con el nombre: 1953-

370 ## - LUGAR ASOCIADO

  • Fuente del término: $naf
  • Place of birth: Ipiales (Colombia)

372 ## - CAMPO DE ACTIVIDAD

  • Fuente del término: $naf
  • Field of activity: Literatura infantil

374 ## - OCUPACIÓN

  • Occupation: Ilustradora
  • Occupation: Escritora

400 1# - VEÁSE - NOMBRE DE PERSONA

  • Personal name: Cuéllar Serrano, Olga,
  • Dates associated with a name: 1953-

670 ## - FUENTE EN LA QUE SE LOCALIZARON DATOS

  • Cita de la fuente: T
  • Uniform Resource Identifier: https://www.loqueleo.com/co/autores/olga-cuellar
  • Uniform Resource Identifier: http://olgacuellarilustracion.blogspot.mx/

670 ## - FUENTE EN LA QUE SE LOCALIZARON DATOS

  • Cita de la fuente: LC, 08 marzo 2024:
  • Información localizada: (Cuéllar, Olga, 1953-)
  • Bibliographic record control number: https://lccn.loc.gov/n93018009

670 ## - FUENTE EN LA QUE SE LOCALIZARON DATOS

  • Cita de la fuente: Mis numeros, 2012:
  • Información localizada: contracubierta (Olga Cuellar es una destacada autora e ilustradora colombiana que ha obtenido reconocimientos nacionales)

680 ## - NOTA PUBLICA DE ACCESO PÚBLICO

  • Frase explicativa de la referencia: Autora e ilustradora colombiana de libros infantiles

902 ## - CATALOGADOR

  • Catalogador: EMR/160218
  • Catalogador: MCM/050816
  • Catalogador: MaríaRobles/080324